| 000 | 01379nam a2200361 a 4500 | ||
|---|---|---|---|
| 001 | 000108708 | ||
| 003 | CHAP | ||
| 005 | 20220329144021.0 | ||
| 008 | 140305s2012 mx a sm |||||||spa d | ||
| 010 | _a105170 | ||
| 011 | _a106142 | ||
| 040 | _cCHAP | ||
| 090 | _aTesis | ||
| 100 | 1 |
_aAntonio Contreras, Noemí _9125752 |
|
| 245 | 1 | 0 |
_aManejo de zacate carricillo (Leptochloa virgata) con indaziflan y glufosinato en limón persa (Citrus latifolia Tan.) en Cuitláhuac, Ver. _h[En línea] _cpor Noemí Antonio Contreras. |
| 260 |
_aChapingo, Méx. : _bEl autor., _c2012. |
||
| 500 | _aPara ver el contenido del material haga clic en la liga | ||
| 502 | _aTesis (Ing. Agr. Esp. en Parasitología Agrícola) -- UACH. Departamento Parasitología Agrícola | ||
| 590 |
_aBATCH-UPD _b05 _c20140324 _lUCH01 _h1536 |
||
| 590 |
_aBATCH-UPD _b05 _c20141002 _lUCH01 _h0857 |
||
| 590 |
_aBATCH _b00 _c20181121 _lUCH01 _h0758 |
||
| 590 |
_aE5652GLJ _b05 _c20140305 _lUCH01 _h1201 |
||
| 590 |
_aE5652GLJ _b05 _c20140305 _lUCH01 _h1201 |
||
| 590 |
_aE5652GLJ _b05 _c20141029 _lUCH01 _h1118 |
||
| 650 | 1 | 4 |
_aLimón persa _zVeracruz. _966879 |
| 650 | 1 | 4 |
_aMalas hierbas _xControl. _970011 |
| 650 | 1 | 4 |
_aMalas hierbas _xHerbicidas. _9125597 |
| 856 |
_a1 _n0000395 |
||
| 856 |
_aFinding aid _uhttp://10.13.5.2/tesis/sist108708.pdf _zTeclea aquí |
||
| 901 | _aBK | ||
| 942 | _cTESIS | ||
| 942 | _n0 | ||
| 999 |
_c105170 _d105170 |
||